Insect pests associated with cashew tree in stoeung trang district kompong cham province សត្វល្អិតចង្រៃបំផ្លាញដំណាំស្វាយចន្ទីស្រុកស្ទឹងត្រង់ ខេត្ដកំពង់ចាម (Record no. 892)
[ view plain ]
| 000 -LEADER | |
|---|---|
| fixed length control field | 00647nam a22001577a 4500 |
| 003 - CONTROL NUMBER IDENTIFIER | |
| control field | OSt |
| 005 - DATE AND TIME OF LATEST TRANSACTION | |
| control field | 20150920110934.0 |
| 008 - FIXED-LENGTH DATA ELEMENTS--GENERAL INFORMATION | |
| fixed length control field | 150920b xxu||||| |||| 00| 0 eng d |
| 040 ## - CATALOGING SOURCE | |
| Transcribing agency | RUA |
| 082 ## - DEWEY DECIMAL CLASSIFICATION NUMBER | |
| Classification number | AGR THA 2008 B038 Or.1 |
| 100 ## - MAIN ENTRY--PERSONAL NAME | |
| 9 (RLIN) | 926 |
| Personal name | THAUNG, PISETH. |
| 245 ## - TITLE STATEMENT | |
| Title | Insect pests associated with cashew tree in stoeung trang district kompong cham province សត្វល្អិតចង្រៃបំផ្លាញដំណាំស្វាយចន្ទីស្រុកស្ទឹងត្រង់ ខេត្ដកំពង់ចាម |
| 260 ## - PUBLICATION, DISTRIBUTION, ETC. (IMPRINT) | |
| Place of publication, distribution, etc. | Phnom Penh |
| Name of publisher, distributor, etc. | RUA |
| Date of publication, distribution, etc. | 2008 |
| 300 ## - PHYSICAL DESCRIPTION | |
| Extent | xii; 65p. |
| Other physical details | ill. |
| Dimensions | 29cm. |
| 942 ## - ADDED ENTRY ELEMENTS (KOHA) | |
| Source of classification or shelving scheme | |
| Koha item type | AGR |
| Price effective from | Date last seen | Permanent Location | Not for loan | Date acquired | Source of classification or shelving scheme | Koha item type | Lost status | Withdrawn status | Date last checked out | Total Checkouts | Shelving location | Damaged status | Barcode | Current Location | Full call number |
|---|---|---|---|---|---|---|---|---|---|---|---|---|---|---|---|
| 2015-09-20 | 2015-09-20 | Library Block B | 2015-09-20 | AGR | B038 | RUA000605 | Library Block B | AGR THA 2008 B038 Or.1 | |||||||
| 2015-09-20 | 2025-01-09 | Library Block B | 2015-09-20 | AGR | 2024-12-12 | 3 | B038 | RUA000533 | Library Block B | AGR THA 2008 B038 Or.2 | |||||
| 2015-09-20 | 2023-12-13 | Library Block B | 2015-09-20 | AGR | 2023-11-01 | 5 | B038 | RUA000743 | Library Block B | AGR THA 2008 B038 Or.3 | |||||
| 2015-09-20 | 2024-08-20 | Library Block B | 2015-09-20 | AGR | 2024-08-06 | 1 | B038 | RUA000673 | Library Block B | AGR THA 2008 B038 Or.4 | |||||
| 2015-09-20 | 2025-06-26 | Library Block B | 2015-09-20 | AGR | 2025-06-23 | 4 | B038 | RUA000741 | Library Block B | AGR THA 2008 B038 Or.5 | |||||
| 2015-09-20 | 2016-07-06 | Library Block B | 2015-09-20 | AGR | 2016-06-24 | 1 | B038 | RUA000670 | Library Block B | AGR THA 2008 B038 Or.6 |